Corporate finance

Gorde:
Xehetasun bibliografikoak
Formatua: Sách
Hizkuntza:Undetermined
Argitaratua:  McGraw-Hill/Irwin  2019
Gaiak:
Etiketak: Etiketa erantsi
Etiketarik gabe, Izan zaitez lehena erregistro honi etiketa jartzen!
Thư viện lưu trữ: Trung tâm Thư viện - Trường Đại học Công nghiệp TP. Hồ Chí Minh
LEADER 00417nam a2200133Ia 4500
001 UIH_05756
008 231011s9999 xx 000 0 und d
082 |a  658.15 
245 0 |a  Corporate finance 
260 |b  McGraw-Hill/Irwin 
260 |c  2019 
650 |a  Corporations; Quản lý tài chính;  
927 |a Sách 
980 |a Trung tâm Thư viện - Trường Đại học Công nghiệp TP. Hồ Chí Minh